000 00925nam a22002657a 4500
003 URS
005 20251022092523.0
020 _a978-621-409-177-5
040 _bEnglish
_cURS
_erda
050 _aQ175.5
_b.Al21 2022
100 _aAldea, Kathryn Idrisha K.,
_eauthor.
245 _aScience, technology and society /
_cKathryn Idrisha K. Aldea, Hans Peter A. Caronan, Ma. Blesilda O. Candido.
250 _a2nd edition.
264 _aMandaluyong City :
_bBooks Atbp., Publishing Corporation,
_c ©2022.
300 _ax,184 pages :
_billustrations ;
_c25 cm.
336 _2rdacontent
_atext
_btxt
337 _2rdamedia
_aunmediated
_bn
338 _2rdacarrier
_avolume
_bnc
504 _aIncludes bibliographical references.
650 0 _aScience
_xSocial aspects.
650 0 _aTechnology
_xSocial aspects.
700 _aCaronan, Hans Peter A.,
_eauthor.
700 _aCandido, Ma. Blesilda O.,
_eauthor.
942 _2lcc
_cF
999 _c87416
_d87413